Normal view MARC view

Entry Personal Name

Number of records used in: 2

001 - CONTROL NUMBER

  • control field: 53409

003 - CONTROL NUMBER IDENTIFIER

  • control field: dpl

005 - DATE AND TIME OF LATEST TRANSACTION

  • control field: 20121030105844.0

008 - FIXED-LENGTH DATA ELEMENTS

  • fixed length control field: 121030|||a|||||| | ||| d

040 ## - CATALOGING SOURCE

  • Original cataloging agency: dpl
  • Transcribing agency: dpl

100 ## - HEADING--PERSONAL NAME

  • Personal name: Datta, Lipika

670 ## - SOURCE DATA FOUND

  • Source citation: Work cat.: (dpl): Ghosh, Shankar Prasad 53399, Electromagnetic field theory /, c2012

670 ## - SOURCE DATA FOUND

  • Source citation: Work cat.: (dpl): Ghosh, Shankar Prasad 53399, Electromagnetic field theory /, c2012

© Delhi Public Library
Hit Counter
free hit counter